000 01247nam a2200337 i 4500
003 EG-GICUC
005 20260509171341.0
008 260509s1985 fr ||||fr|||| 00| 0 fre d
020 _a2222036569
040 _aEG-GiCUC
_bfre
_cEG-GiCUC
_dEG-GiCUC
_eRda
082 0 4 _221
_a345.249040
_bBR . C
092 0 4 _221
099 _aLaw1 07 345.249040 BR . C 1985
100 1 _aBraibant, Guy
_eAuteur
245 1 3 _aLe Contrôle De L'administration en Europe De L'est Et De L'ouest /
_b
_cGuy Braibant, Janusz Letowski, Céline Wiener.
_n
264 1 _aParis :
_bÉditions Du Centre National De La Recherche Scientifique,
_c1985.
300 _a278page :
_billustration ;
_c 24 cm.
336 _2rda contenu
_a texte
337 _2rda medias
_aOrdinateur
338 _2 transporteur rda
_a Ressource en ligne
490 _aCollection Des Travaux De L'institut De Recherches Juridiques Comparatives.
504 _aBibliography: pages 200-250. 240-220
546 _aTexte en français
650 1 4 _aDroit administratif
_2
651 1 _2
700 1 _a Letowski, Janusz
_eCo-Auteur
700 1 _aWiener, Céline
_eCo-Auteur
856 4 0 _uhttps://fll.law.cu.edu.eg/fulltext/bks/B07-05181.pdf
905 _a50
942 _2ddc
_cBK
_e21
_n0
999 _c76413
_d76413